00415nam a2200157 a 450000100060000000300090000600800410001502000150005604000280007108200160009924500390011526000510015430000100020549000210021565000210023610331CO-ViMGA141112s2004 ck r 000 u spa d a9187134012 aCO-ViMGAbspacCO-ViMGA04a338.54 S35d10aThe Debt Crisis in Latin América aInstitute of Latin Américan Studies : b1986 a199p. aMonographs No 1314aCRISIS ECONOMICA